000 01345nam a2200313 c 4500
003 BLK
005 20180422100602.0
008 180408b bul|||||r ||||||| ||bul||
010 _aKNG00041381000
040 _aBLK
041 _aBUL
_cBUL
080 _aОраторско изкуство. Красноречие. Дебати. Публични дискусии. Психология на слушателя
_b808.51
_x(075.8)
_z808.51(075.8)
100 1 _aВедър, Йордан Иванов
_eпърви автор
_9367198
139 _aВедър, Йордан Иванов
_bВ 35
245 1 0 _aПопулярна реторика
_bУчебник за студентите от СУ Климент Охридски
_cЙордан Иванов Ведър.
257 _aBGR
260 София
_bНаука и изкуство
_c1984
_fВраца : В. Александров
300 _a143 с.
_bс табл.
_c22 см
380 _a82
500 _aБиблиогр. с. 141.
650 4 _aОраторско изкуство - учебници за ВУЗ
_9252339
653 _aораторско изкуство
653 _aучебници за ВУЗ
852 _aЦб 126543
856 4 _qpdf
_u
856 4 _qpdf
_u
942 _cKNG
_n0
944 _aCR
_c24.08.2016
_kМилена_Ачева
944 _aED
_c24.08.2016
_kМилена_Ачева
999 _c38180
_d38180